Twin Name Countries - Statistics

General Stats
  • This quiz has been taken 22 times
  • The average score is 5 of 6
Answer Stats
Picture Answer % Correct
North Korea
100%
South Korea
100%
Sudan
84%
South Sudan
79%
Democratic Republic of the Congo
68%
Republic of Congo
42%
No matching quizzes found
Score Distribution
Percent of People with Each Score
Percentile by Number Answered
Your Score History
You have not taken this quiz